Accounting information systems / (Record no. 20466)
[ view plain ]
| 000 -LEADER | |
|---|---|
| fixed length control field | 01011cam a22003015a 4500 |
| 001 - CONTROL NUMBER | |
| control field | 016859406 |
| 005 - DATE AND TIME OF LATEST TRANSACTION | |
| control field | 20201128021455.0 |
| 008 - FIXED-LENGTH DATA ELEMENTS--GENERAL INFORMATION | |
| fixed length control field | 140903t2015 enka frbd 001 0 eng d |
| 020 ## - INTERNATIONAL STANDARD BOOK NUMBER | |
| International Standard Book Number | 9781292060521 |
| 020 ## - INTERNATIONAL STANDARD BOOK NUMBER | |
| International Standard Book Number | 1292060522 |
| 040 ## - CATALOGING SOURCE | |
| Original cataloging agency | Uk |
| Language of cataloging | eng |
| Transcribing agency | Uk |
| Modifying agency | EG-ScBUE |
| -- | EG-ScBUE |
| 082 04 - DEWEY DECIMAL CLASSIFICATION NUMBER | |
| Edition number | 22 |
| Classification number | 657.0285 |
| Item number | ROM |
| 100 1# - MAIN ENTRY--PERSONAL NAME | |
| Personal name | Romney, Marshall B. |
| 9 (RLIN) | 36456 |
| 245 10 - TITLE STATEMENT | |
| Title | Accounting information systems / |
| Statement of responsibility, etc | Marshall B. Romney, Paul John Steinbart. |
| 250 ## - EDITION STATEMENT | |
| Edition statement | 13th ed., Global ed. |
| 260 ## - PUBLICATION, DISTRIBUTION, ETC. (IMPRINT) | |
| Place of publication, distribution, etc | Harlow : |
| Name of publisher, distributor, etc | Pearson Education Limited, |
| Date of publication, distribution, etc | c.2015. |
| 300 ## - PHYSICAL DESCRIPTION | |
| Extent | 734 p. : |
| Other physical details | ill. (col.) ; |
| Dimensions | 28 cm. |
| 500 ## - GENERAL NOTE | |
| General note | Index : p. 723-734.<br/> |
| 500 ## - GENERAL NOTE | |
| General note | Glossary : p. 702-722. |
| 504 ## - BIBLIOGRAPHY, ETC. NOTE | |
| Bibliography, etc | Includes bibliographical references.<br/> |
| 650 #7 - SUBJECT ADDED ENTRY--TOPICAL TERM | |
| Source of heading or term | BUEsh |
| Topical term or geographic name as entry element | Information storage and retrieval systems |
| General subdivision | Accounting. |
| 9 (RLIN) | 1544 |
| 650 #7 - SUBJECT ADDED ENTRY--TOPICAL TERM | |
| Topical term or geographic name as entry element | Accounting |
| General subdivision | Data processing. |
| Source of heading or term | BUEsh |
| 9 (RLIN) | 19144 |
| 651 ## - SUBJECT ADDED ENTRY--GEOGRAPHIC NAME | |
| Source of heading or term | BUEsh |
| 653 ## - INDEX TERM--UNCONTROLLED | |
| Resource For college | BAEPS, Business Administration |
| Arrived date list | August2015 |
| 653 ## - INDEX TERM--UNCONTROLLED | |
| Resource For college | BAEPS, Economics |
| Arrived date list | December2016 |
| 700 1# - ADDED ENTRY--PERSONAL NAME | |
| Personal name | Steinbart, Paul John. |
| 9 (RLIN) | 36457 |
| 942 ## - ADDED ENTRY ELEMENTS (KOHA) | |
| Source of classification or shelving scheme | Dewey Decimal Classification |
| Withdrawn status | Lost status | Source of classification or shelving scheme | Damaged status | Not for loan | Koha collection | Home library | Current library | Shelving location | Date acquired | Source of acquisition | Cost, normal purchase price | Serial Enumeration / chronology | Total Checkouts | Total Renewals | Full call number | Barcode | Date last seen | Date last borrowed | Cost, replacement price | Koha item type |
|---|---|---|---|---|---|---|---|---|---|---|---|---|---|---|---|---|---|---|---|---|
| Dewey Decimal Classification | Baccah | Central Library | Central Library | First floor | 04/08/2015 | 394.00 | 21758 | 1 | 5 | 657.0285 ROM | 000039598 | 15/07/2025 | 08/03/2016 | 492.50 | Book - Borrowing | |||||
| Dewey Decimal Classification | Baccah | Central Library | Central Library | First floor | 01/12/2016 | Purchase | 513.00 | 25140 | 2 | 657.0285 ROM | 000040177 | 15/07/2025 | 18/07/2017 | 641.25 | Book - Borrowing |